Deutsch im Bildungswesen Lembergs zwischen 1905 und 1925
| Titel: | Deutsch im Bildungswesen Lembergs zwischen 1905 und 1925 / Stefaniya Ptashnyk |
|---|---|
| Verfasser: | |
| In: |
Bundesinstitut für Kultur und Geschichte der Deutschen im Östlichen Europa: Jahrbuch des Bundesinstituts für Kultur und Geschichte der Deutschen im Östlichen Europa, Band 26 (2018), Seite 99-120 alle Artikel anzeigen Sprache, Band 26 (2018), Seite 99-120 alle Artikel anzeigen |
| Veröffentlicht: | 2018 |
| Umfang: | 1 Illustration, 5 Tabellen |
| Format: | Aufsatz |
| Sprache: | Deutsch |
X
alg: 50488886 001A $03025:10-02-23 001B $03025:27-08-25 $t12:37:09.000 001D $03025:10-02-23 001U $0utf8 001X $00 002@ $0Aou 002C $aText $btxt $2rdacontent 002D $aohne Hilfsmittel zu benutzen $bn $2rdamedia 002E $aBand $bnc $2rdacarrier 003@ $0504888862 007A $0504888862 $aHEB 010@ $ager 010E $erda 011@ $a2018 021A $aDeutsch im Bildungswesen Lembergs zwischen 1905 und 1925 $hStefaniya Ptashnyk 028A $BVerfasser $#Ptašnyk, Stefanija $#Ptašnyk, Stefanija Bohdanivna $4aut $71057583235 $8Ptashnyk, Stefaniya$Z1974- [Tp3] $9381769380 031A $d26 $h99-120 $j2018 034M $a1 Illustration, 5 Tabellen 039B $aEnthalten in $8--Abvc--Bundesinstitut für Kultur und Geschichte der Deutschen im Östlichen Europa [Tb1]. Jahrbuch des Bundesinstituts für Kultur und Geschichte der Deutschen im Östlichen Europa. - München : de Gruyter Oldenbourg, [2011-2018]. - ISSN 2193-6730 $x201800000260000901 $9284808369 039B $aEnthalten in $8--Aau--. Sprache. - München : De Gruyter Oldenbourg, [2018]. - 302 Seiten. - Diagramme, Tabellen, Karten. - ISBN 978-3-11-047672-9 $9446537985 044K $#Lemberg $#Львів $#Leontopolis $#Leopolis $#Leopoli $#Léopol $#Lwów $#Lwow $#L'vov $#Lwiw $#L'viv $#Lʹviv vor 1919 $#Lviv $#Lvovas $74035304-7 $8Lemberg [Tg1] $9085095230 044K $RBildungseinrichtung $#Schools $#Écoles $#Schulwesen $#Schulform $#Schulart $#Schulsystem $#Schulen $74053474-1 $8Schule [Ts1] $9085148385 044K $RBildungssystem $#Instructional systems $#Systèmes d'enseignement $#Bildungswesen $#Bildungswesen $#Erziehungswesen $#Bildungswesen $#Erziehungswesen $74006681-2 $8Bildungswesen [Ts1] $9085010022 044K $RSüdgermanische Sprachen $#German language $#Allemand (langue) $#Neuhochdeutsch $#Deutsche Sprache $#Hochdeutsch $74113292-0 $8Deutsch [Tsz] $9085334081 044K $RAkkulturation $RSoziale Integration $#Assimilation (Sociology) $#Assimilation (sociologie) $#Assimilazione$#Assimilation $#Assimilation $#Assimilierung Soziologie $74139304-1 $8Assimilation$gSoziologie [Ts1] $9085529885 044K $RMobilität $RRegionale Mobilität $#Emigration and immigration $#Émigration et immigration $#migration $#Migration $#Bevölkerungswanderung $#Wanderung Soziologie $#Wanderungen $#Wanderungsbewegung $74120730-0 $8Migration [Ts1] $9085386928 045R $aGeschichte 1905-1920 lok: 50488886 78 exp: 50488886 78 1 #EPN 201B/01 $010-02-23 $t15:10:44.000 201C/01 $010-02-23 201U/01 $0utf8 203@/01 $01227351747 208@/01 $a10-02-23 $be 209A/01 $a/ $f000 $x00 209A/01 $ab*p $x01 220C/01 $apgar 244Z/01 $#Generalgouvernement Polen $#Polska $#Rzeczpospolita Polska $#Polska Rzeczpospolita Ludowa $#Poland $#Pologne $#République Polonaise $#Generalne Gubernatorstwo w Polsce $#Polish People's Republic $#Polska Rzeczpospolita Polen $#PRL $#RP $#Polen Generalgouvernement $#Polska Generalgouvernement $#Besetzte Polnische Gebiete $#Besetztes Gebiet in Polen $#Okupowane Polskie Obszary $#Obszary Okupowane w Polsce $#Volksrepublik Polen $#Polska Rosyjska $#Republic Polen $#Respublika Pol'ša $#Pol'skaja Narodnaja Respublika $#République de Pologne $#Polen Links der Weichsel $#Polska po Lewej Stronie Wisły $#Lenkija $#Polija $#Gubernija Carstva Pol'skago $#Republik Polen $74046496-9 $8--Tg1--Polen $x01 $9085129801 247C/01 $82080>Marburg/Lahn, Herder-Institut, Forschungsbibliothek, Bibliographieportal $9336309341
| LEADER | 00000caa a2200000 c 4500 | ||
|---|---|---|---|
| 001 | 504888862 | ||
| 003 | DE-603 | ||
| 005 | 20250827123709.0 | ||
| 007 | tu | ||
| 008 | 230210s2018 xx |||| | u00||u|ger c | ||
| 035 | |a (DE-599)HEB504888862 | ||
| 040 | |a DE-603 |b ger |c DE-603 |d DE-603 |e rda | ||
| 041 | |a ger | ||
| 100 | 1 | |a Ptashnyk, Stefaniya |d 1974- |e Verfasser |4 aut |0 (DE-603)381769380 |0 (DE-588)1057583235 |2 gnd | |
| 245 | 0 | 0 | |a Deutsch im Bildungswesen Lembergs zwischen 1905 und 1925 |c Stefaniya Ptashnyk |
| 264 | 0 | |c 2018 | |
| 300 | |b 1 Illustration, 5 Tabellen | ||
| 336 | |a Text |b txt |2 rdacontent | ||
| 337 | |a ohne Hilfsmittel zu benutzen |b n |2 rdamedia | ||
| 338 | |a Band |b nc |2 rdacarrier | ||
| 648 | 7 | |a Geschichte 1905-1920 |2 gnd | |
| 650 | 7 | |a Schule |0 (DE-588)4053474-1 |0 (DE-603)085148385 |2 gnd | |
| 650 | 7 | |a Bildungswesen |0 (DE-588)4006681-2 |0 (DE-603)085010022 |2 gnd | |
| 650 | 7 | |a Deutsch |0 (DE-588)4113292-0 |0 (DE-603)085334081 |2 gnd | |
| 650 | 7 | |a Assimilation |g Soziologie |0 (DE-588)4139304-1 |0 (DE-603)085529885 |2 gnd | |
| 650 | 7 | |a Migration |0 (DE-588)4120730-0 |0 (DE-603)085386928 |2 gnd | |
| 651 | 7 | |a Lemberg |0 (DE-588)4035304-7 |0 (DE-603)085095230 |2 gnd | |
| 773 | 0 | 8 | |i Enthalten in |a Bundesinstitut für Kultur und Geschichte der Deutschen im Östlichen Europa |t Jahrbuch des Bundesinstituts für Kultur und Geschichte der Deutschen im Östlichen Europa |d München : de Gruyter Oldenbourg, [2011-2018] |h 24 cm |x 2193-6730 |g Band 26 (2018), Seite 99-120 |w (DE-603)284808369 |w (DE-600)2640986-0 |
| 773 | 0 | 8 | |i Enthalten in |t Sprache |d München : De Gruyter Oldenbourg, [2018] |h 302 Seiten, Diagramme, Tabellen, Karten |z 9783110476729 |g Band 26 (2018), Seite 99-120 |w (DE-603)446537985 |
| 924 | 0 | |9 2080 |a (DE-603)1227351747 |b DE-2080 |c HES |d d |g / | |


